| 000 | 00945nam a2200253 a 4500 | ||
|---|---|---|---|
| 003 | CBULib | ||
| 005 | 20240418082646.0 | ||
| 008 | 220629s2021 ||||||||||||||||| || u | ||
| 020 | _a9789211130225 | ||
| 040 |
_aCBULib _bEnglish _cCBULib _erda |
||
| 041 | _aeng | ||
| 050 | _aUNCTAD(058)DER/2021 | ||
| 110 | _aUnited Nations Conference on Trade and Development (UNCTAD) | ||
| 245 | 1 | 0 |
_aDigital economy report 2021 : cross-border data flows and development : for whom the data flow _c/ by United Nations Conference on Trade and Development(UNCTAD) |
| 260 |
_aGeneva : _bUnited Nations, _c2021 |
||
| 300 | _axxi, 213 pages : illustrations | ||
| 336 |
_aText | _2rdacontent _btxt |
||
| 337 |
_aUnmediated | _2rdamedia _bn |
||
| 338 |
_aVolume _2rdacarrier _bnc |
||
| 650 | _aELECTRONIC COMMERCE--DEVELOPING COUNTRIES | ||
| 650 | 0 | _aELECTRONIC COMMERCE | |
| 942 |
_2mc _c029 |
||
| 999 |
_c40167 _d40167 |
||